| 000 | 02499nam a22003493i 4500 | ||
|---|---|---|---|
| 001 | 991027365320007026 | ||
| 003 | UkOxU | ||
| 005 | 20251023161613.0 | ||
| 006 | m o d | | ||
| 007 | cr cnu|||||||| | ||
| 008 | 220410s2020 xx o ||||0 eng d | ||
| 020 | _a9781529424522 | ||
| 035 | _a(MiAaPQ)EBC6946200 | ||
| 035 | _a(Au-PeEL)EBL6946200 | ||
| 035 | _a(CKB)21479220400041 | ||
| 035 | _a(Exl-AI)6946200 | ||
| 035 | _a(OCoLC)1314626906 | ||
| 035 | _a(EXLCZ)9921479220400041 | ||
| 040 |
_aMiAaPQ _beng _erda _epn _cMiAaPQ _dMiAaPQ |
||
| 041 | _aeng | ||
| 050 | 4 |
_aND1489 _bH67 2005 |
|
| 100 |
_aHornung, David _926298 _eauthor |
||
| 245 | 1 | 0 |
_aColour _b: a workshop for artists, designers. |
| 250 | _aThird edition. | ||
| 260 |
_aLondon : _bLaurence King Publishing, _c2020. |
||
| 300 |
_a160 pages : _billustrations (color) ; _c28 cm. |
||
| 505 | 8 | _aForeword: Jennifer Maloney — Introduction — Part One: Seeing Color — The Visible Light Spectrum — How We Perceive Color — Color on the Computer Screen — The Effect of Light on Color Perception — Color Constancy — Part Two: First Principles — The Structure of Color — Hue — Value — Saturation — Color Range — Color Wheels — Color on the Computer Screen — Part Three: The Color Workshop — About the Workshop — Paint — Color Studies on the Computer — The Illustrated Glossary — Part Four: Beginning Color Studies — Chromatic Darks — Handmade Assignment 1: Exploring Co-primaries — Video: Beginning Color Studies: Painting Swatches — Altering Color Attributes Through Intermixing — Handmade Assignment 2–5: Saturation Studies. | |
| 520 | _aDavid Hornung's 'Color: A Workshop for Artists and Designers' serves as a comprehensive guide to understanding and applying color principles in art and design. This third edition emphasizes practical exploration through a series of assignments that encourage both personal and formal comprehension of color. Aimed at artists, designers, and students, the book provides detailed instructions on color perception, interaction, and harmony, along with an illustrated glossary for mastering color terminology. The book's educational approach is grounded in Hornung's extensive studio and classroom experience, offering an accessible yet profound insight into color theory and its application. | ||
| 650 | 0 |
_aColor in art _926299 |
|
| 650 | 0 |
_aColor in visual communication _926300 |
|
| 942 | _2lcc | ||
| 999 |
_c5097 _d5097 |
||